000 01034cam a2200325 a 4500
001 110186
005 20230410101558.0
008 110303s2010 cu af bci 001 0 spa
035 _a16738412
925 0 _aacquire
_b1 shelf copy
_xpolicy default
942 _2lcc
_cbk
010 _a2010542350
020 _a9789593040402
035 _a(UyMoLRL)lr44632
040 _aDLC
_cDLC
042 _apcc
043 _anwcu---
050 1 4 _a107 PN 1993
_bD542c 2010
100 1 _aDíaz, Marta,
_d1965-
245 1 4 _aLos cien caminos del cine cubano /
_cMarta Díaz, Joel Del Río.
260 _aCiudad de La Habana, Cuba :
_bEdiciones ICAIC,
_cc2010.
300 _aix, p. 539 p. :
_bill. plate.;
_c21 cm.
500 _aDesde el 1900 al 2000 (cover)
504 _aIncludes bibliographical references (p. [515]-528) and indexes.
650 0 _aMotion pictures
_zCuba
_xHistory
_y20th century.
650 0 _aMotion pictures
_zCuba
_vCatalogs.
700 1 _aRío, Joel del,
_d1963-
923 _d20110302
_n5266
_sUyMoLRL
946 _aPP
999 _c10340
_d10340